000 01140naa a22003017a 4500
001 BR9404371
003 BR-BrBNA
005 20240918181235.0
007 ta
008 230509b bl.||||| |||| 00| 0 por d
040 _aBR-BrBNA
_bpor
_cBiblioteca Nacional de Agricultura
041 _a(Pt)
072 _aN20; F01
_b1740
090 _aN20 BR9404371
100 1 _aSilva, E.
100 1 _aTeixeira, L.A.J.
100 1 _aAmado, T.J.C.
111 1 _a1. Encontro Latino Americano sobre Plantio Direto na Pequena Propriedade
_cPonta Grossa, PR (Brazil)
_d22-26 Nov 1993
245 1 _aKit de microtrator para cultivo minimo de cebola
260 3 _aLondrina, PR (Brasil):
_c1993.
500 _a1. Encontro Latino Americano sobre Plantio Direto na Pequena Propriedade. Anais Londrina, PR (Brasil): 1993. p. 265-270 (BR9404371-AM)N20
650 _aCebola
650 _aCultivo Minimo
650 _aMaquina Agricola
773 0 _t1. Encontro Latino Americano sobre Plantio Direto na Pequena Propriedade. Anais
_wN20 BR9404371
_gLondrina, PR (Brasil), 1993. p. 265-270
909 _a202404
_bLucia
_c55
_dLucia Elande
942 _cAM
_2AGRIS
999 _c324278
_d324278